000
00480nam a2200145Ia 4500
008
090122s9999 xx 000 0 und d
082
_b
4041
_a
615.82
100
_a
वैद्य
_b
ब
_c
ल
245
_a
आरोग्यासाठी योगासने
600
_a
वैद्य
630
_a
आरोग्यासाठी योगासने
700
_a
वैद्य
730
_a
आरोग्यासाठी योगासने
942
_c
BOOK
999
_c
28119
_d
28119